Biggest Trading Partners - United Arab Emirates - Statistics

General Stats
  • This quiz has been taken 415 times
  • The average score is 17 of 20
Answer Stats
Imports Answer % Correct
22.42 bil China
99%
3.66 bil China
99%
20.59 bil United States of America
98%
3.46 bil United States of America
98%
18.67 bil India
97%
11.26 bil India
97%
4.47 bil Saudi Arabia
97%
4.76 bil Saudi Arabia
97%
5.20 bil United Kingdom
94%
8.81 bil Iran
91%
9.66 bil Japan
91%
12.59 bil Germany
90%
5.15 bil Oman
87%
5.41 bil Italy
83%
4.66 bil Turkey
83%
5.36 bil Iraq
82%
4.77 bil South Korea
79%
41.35 bil Taiwan
53%
4.53 bil Belgium
42%
7.42 bil Switzerland
42%
No matching quizzes found
Score Distribution
Percent of People with Each Score
Percentile by Number Answered
Your Score History
You have not taken this quiz